Online Catalogue and eLibrary

Good governance in ethnically heterogeneous societies / (Record no. 412)

MARC details
000 -LEADER
fixed length control field 00519cam a2200181 a 4500
001 - CONTROL NUMBER
control field 12601940
005 - DATE AND TIME OF LATEST TRANSACTION
control field 20240216024507.0
008 - FIXED-LENGTH DATA ELEMENTS--GENERAL INFORMATION
fixed length control field 010813s2001 ce b i000 0 eng
040 ## - CATALOGING SOURCE (பட்டியலாக்க மூலம்)
Original cataloging agency DLC
Transcribing agency DLC
Modifying agency DLC
082 ## - DDC Classification
DDC Edition Number 22
Class No. 320.4.
Item Number - Author Mark GOO.
100 1# - MAIN ENTRY--PERSONAL NAME
Personal name Eide, Asbjørn.
245 10 - TITLE STATEMENT
Title Good governance in ethnically heterogeneous societies /
Statement of responsibility, etc. Asbjørn Eide.
260 ## - PUBLICATION, DISTRIBUTION, ETC.
Place of publication, distribution, etc. Colombo :
Name of publisher, distributor, etc. International Centre for Ethnic Studies,
Date of publication, distribution, etc. 2001.
300 ## - PHYSICAL DESCRIPTION
Extent (e.g. Volumes, Pages etc.) 32 p. ;
650 #0 - SUBJECT ADDED ENTRY--TOPICAL TERM
Topical term or geographic name entry element Human rights.
650 #0 - SUBJECT ADDED ENTRY--TOPICAL TERM
Topical term or geographic name entry element Political science.
942 ## - Koha item type (Biblio)
Koha item type Books in Stacks (Lending)
Holdings
Lost status Damaged status Collection code Home library Current library Date acquired Full call number Accession Number Item type
    Lending WERC Library WERC Library 02/16/2024 320.4. GOO. 4319 Books in Stacks (Lending)

© WERC Library